[Event "EICC 2017"]
[Site "Minsk"]
[Date "2017.06.05"]
[Round "6"]
[White "Minko, Vladimir"]
[Black "Rozum, Ivan"]
[Result "0-1"]
[WhiteElo "2438"]
[BlackElo "2606"]
[Annotator "TA"]
[PlyCount "40"]
[EventDate "2017.??.??"]
[EventCountry "BLR"]
[SourceTitle "playchess.com"]
[Source "ChessBase"]
[SourceQuality "1"]

{[%evp 12,40,-14,-2,8,-6,1,0,0,0,-6,-16,0,0,0,-168,-112,-311,-314,-302,-290,-291,-291,-502,-497,-506,-499,-671,-656,-1169,-1088]} 1. d4 Nf6 2. c4 e6 {[%cal Be7e6,Be6e5][%mdl 32]} 3. g3 c5 4. Nf3 cxd4 5. Nxd4 Qc7 6. b3 e5 {A32: Symmetrical English: 2 Nf3 Nf6 3 d4 cxd4 4 Nxd4 e6} 7. Nf3 {LiveBook: 3 Games} d5 8. cxd5 Bf5 {White must now prevent ...Bc2.The position is equal.} 9. Bb2 $146 ({Predecessor:} 9. e4 Nxe4 10. Bb5+ Nd7 11. O-O Bc5 12. Bb2 O-O 13. Bxd7 Bxd7 14. Qe2 {½-½ (76) Kurajica,B (2535)-Nielsen,P (2670) Plovdiv 2010}) 9... Bxb1 $1 10. Qxb1 {Strongly threatening Bh3.} (10. Rxb1 Bb4+ 11. Nd2 Ne4 $17) 10... Bb4+ 11. Nd2 $1 Bxd2+ 12. Kxd2 Qa5+ 13. Kc1 $2 (13. Ke3 $11) 13... O-O $36 {[%cal Bh8f8,Bf8c8,Bc8c2][%mdl 2080] Black is really pushing.} (13... Qxd5 14. f3 $17) (13... Nxd5 $6 14. Bg2 $11) ({Black should play} 13... Nbd7 $19 14. Bg2 Rc8+ 15. Kd1 Nxd5) 14. Bg2 $2 (14. Bh3 $17 {was the only chance.}) 14... Rc8+ $19 ({Stronger than} 14... Nxd5 15. Qd3 $11) 15. Kd1 Nxd5 16. b4 Nxb4 17. Bxb7 $2 {[#]} (17. Ke1 {is a better defense.} Nd3+ 18. Kf1 Rc1+ 19. Qxc1 Nxc1 20. Bxc1) 17... Rc2 $1 {Black is clearly winning.} 18. Bc3 {[#]} Qb5 $1 {[%csl Gc2][%cal Rb5e2][%mdl 512]} 19. Bf3 N8c6 ({Less strong is} 19... Rxc3 20. Bxa8 Rc2 21. Qxc2 $17) 20. Qb3 {[#]} e4 $1 {[%mdl 512] Precision: White = 51%, Black = 78%.} 0-1

[Event "EICC 2017"]
[Site "Minsk"]
[Date "2017.06.05"]
[Round "6"]
[White "Kjartansson, Gudmundur"]
[Black "Vocaturo, Daniele"]
[Result "0-1"]
[WhiteElo "2437"]
[BlackElo "2604"]
[Annotator "TA"]
[PlyCount "58"]
[EventDate "2017.??.??"]
[EventCountry "BLR"]
[SourceTitle "playchess.com"]
[Source "ChessBase"]
[SourceQuality "1"]

{[%evp 27,58,37,39,-66,-25,0,0,-61,-64,-47,-55,-72,-73,-185,-175,-173,-180,-173,-154,-229,-223,-264,-273,-327,-346,-347,-308,-623,-619,-665,-654,-639,-632]} 1. Nf3 c5 2. e4 d6 3. d4 cxd4 4. Nxd4 Nf6 5. Nc3 g6 6. Be3 Bg7 7. f3 O-O 8. Qd2 Nc6 9. O-O-O d5 10. exd5 Nxd5 11. Nxc6 bxc6 12. Bd4 e5 13. Bc5 Re8 14. Nxd5 cxd5 {[%cal Bc6d5,Bd5d4][%mdl 32] LiveBook: 34 Games} 15. Bb5 {B76: Sicilian Dragon: Yugoslav Attack, 9 g4 and 9 0-0-0} (15. Qxd5 $14 Qg5+ 16. Kb1) (15. Qxd5 Qxd5 16. Rxd5 Be6 17. Rd3 Rec8 18. Be3 Bxa2 19. Ra3 Be6 20. Ba6 Rc7 21. Rd1 Rb8 22. Ra5 h5 {1-0 (45) Nevostrujev,V (2461)-Zaitsev,V (2352) Kemerovo 2012}) 15... Be6 16. Bxe8 Qxe8 17. Ba3 (17. Qa5 $11) 17... Rc8 {[%mdl 1024] Black has compensation.} 18. Kb1 Qa4 19. g4 $146 {[#]} ({Predecessor:} 19. Rc1 e4 20. Qb4 Qc6 21. Rhf1 Qc7 {0-1 (21) Piermattei,M (1600)-Mione,D (2303) SEMI email 1999}) 19... d4 $1 {aiming for ...Bf8.} 20. Qf2 (20. Qg2 $17) 20... Bc4 {And now ...Bf8 would win.} 21. Rd3 Bxd3 22. cxd3 Qb5 23. Rd1 (23. Qe2 $17 {might work better.}) 23... Rc3 $1 $19 {[%cal Rc3a3] [#] ...Rxa3 is the strong threat.} 24. Bd6 Rxd3 25. Rxd3 Qxd3+ 26. Qc2 Qa6 27. Qc7 $2 (27. Bb4) 27... h6 {Black is clearly winning.} 28. a4 Qf1+ 29. Ka2 Qxf3 {Precision: White = 16%, Black = 83%.} 0-1

[Event "EICC 2017"]
[Site "Minsk"]
[Date "2017.06.05"]
[Round "6"]
[White "Mindlin, Alon"]
[Black "Donchenko, Alexander"]
[Result "0-1"]
[WhiteElo "2436"]
[BlackElo "2563"]
[Annotator "TA"]
[PlyCount "64"]
[EventDate "2017.??.??"]
[EventCountry "BLR"]
[SourceTitle "playchess.com"]
[Source "ChessBase"]
[SourceQuality "1"]

{[%evp 9,64,-10,-13,-28,-30,-25,-14,-28,-20,-39,-31,-39,-35,-20,-27,-22,-16,-46,-37,-41,-39,-50,-41,-152,-151,-202,-227,-203,-213,-205,-214,-203,-195,-259,-115,-225,-212,-228,-204,-218,-209,-218,-208,-214,-220,-263,-235,-390,-366,-488,-466,-848,-817,-2568,-2499,-29991,-29992]} 1. d4 d6 2. c4 e5 3. d5 f5 4. Nc3 Nf6 5. Nf3 Be7 6. g3 {A41: 1 d4 d6: Tartakower System and Modern Defence} O-O 7. Bg2 a5 8. O-O {The position is equal.} Na6 {[%cal Bb8a6,Ba6c5,Bc5a4,Ba4c3][%mdl 32]} 9. a3 Bd7 10. Rb1 Nc5 11. b4 axb4 12. axb4 Na4 13. Bd2 Qe8 $146 ({Predecessor:} 13... Nxc3 14. Bxc3 {0-1 (22) Goldobin,M (2237)-Chigaev,M (2497) St Petersburg 2015}) 14. Ng5 Nxc3 15. Bxc3 Qg6 16. Nf3 (16. Ne6 $15 Bxe6 17. dxe6) 16... f4 $1 $36 {[%mdl 2048] White is under strong pressure.} 17. e3 (17. Ra1 $17) 17... fxg3 $19 18. fxg3 Ng4 ({Don't do} 18... Ne4 19. Bb2 $17) 19. Qe2 Qh6 20. e4 {intending Bd2.} Bg5 {[%cal Be7g5,Bg5e3,Be3c5,Bc5b6][%mdl 32]} 21. Rb3 {[#]} (21. h3 {might work better.} Be3+ 22. Kh1) 21... Rf6 (21... b5 $1 $19 {[%mdl 512]} 22. c5 (22. cxb5 Be3+) 22... dxc5) 22. Be1 (22. h4 $17 {was worth a try.} Be3+ 23. Kh1) 22... Ra1 23. h4 Be3+ 24. Kh1 {[#]} b5 $1 {[%mdl 512]} 25. c5 (25. cxb5 Qh5) 25... dxc5 26. bxc5 Bxc5 {aiming for ...Ne3.} 27. Bh3 Qg6 28. Kg2 $2 (28. Bb4 Rxf1+ 29. Bxf1 Nf2+ 30. Kh2 Bxb4 31. Rxb4 Ng4+ 32. Kh1) 28... h6 29. Rc3 Bb6 30. h5 (30. Nd2 $142 Rxf1 31. Nxf1) 30... Qxh5 {Strongly threatening ...Ne3+!} 31. Nh4 Rxf1 32. Qxf1 Ra2+ {Precision: White = 32%, Black = 84%.} 0-1

[Event "EICC 2017"]
[Site "Minsk"]
[Date "2017.06.05"]
[Round "6"]
[White "Froewis, Georg"]
[Black "Bogdanovich, Stanislav"]
[Result "0-1"]
[WhiteElo "2432"]
[BlackElo "2596"]
[Annotator "TA"]
[PlyCount "100"]
[EventDate "2017.??.??"]
[EventCountry "BLR"]
[SourceTitle "playchess.com"]
[Source "ChessBase"]
[SourceQuality "1"]

{[%evp 20,100,9,-2,0,-18,0,0,0,0,0,-16,-19,-22,-8,-13,-13,-30,-26,-91,-71,-71,-53,-50,-65,-64,-61,-62,-61,-100,-100,-102,-102,-102,-95,-102,-101,-101,-99,-101,-99,-93,-93,-93,-101,-103,-109,-124,-123,-125,-116,-139,-121,-197,-193,-204,-149,-227,-206,-236,-210,-192,-193,-243,-243,-237,-225,-236,-236,-227,-227,-226,-226,-276,-276,-256,-204,-382,-370,-1135,-1134,-1096,-1097]} 1. Nf3 Nf6 2. c4 c5 3. Nc3 e6 4. e3 d5 5. d4 cxd4 6. exd4 Bb4 7. cxd5 Nxd5 8. Bd2 O-O 9. Bd3 b6 10. O-O Bb7 11. Qe2 {[#] LiveBook: 14 Games. Threatens to win with Nxd5.} Nd7 {E43: Nimzo-Indian: Rubinstein: 4...b6} 12. Rad1 (12. Rac1 Bd6 13. Ba6 Bxa6 14. Qxa6 Nxc3 15. Rxc3 h6 16. Rfc1 Nf6 17. Rc4 Nd5 18. Qb7 Qb8 19. Qxb8 Rfxb8 {½-½ (44) Zhou,W (2635)-Harikrishna,P (2755) China 2016}) 12... Bxc3 13. bxc3 Qc7 {The position is equal.} 14. Qe4 {[%csl Gd3][%cal Re4h7]} N5f6 15. Qe3 Ng4 $146 ({Predecessor:} 15... Bd5 16. Ne5 Nxe5 17. dxe5 {1-0 (41) Donner,J-Timman,J Amsterdam 1973}) 16. Qf4 Qxf4 17. Bxf4 Rac8 18. Bb5 Rfd8 19. Nd2 (19. Ne5 $11 Ngxe5 20. dxe5) 19... Ndf6 $36 {[%mdl 2048] And now ...Nd5 would win. Black is in control.} 20. Nb1 Nd5 21. Bd2 Ngf6 {[%cal Bg4f6,Bf6e8,Be8c7][%mdl 32]} 22. Rfe1 Ne8 23. Bg5 f6 24. Bc1 Nxc3 25. Nxc3 Rxc3 26. Bd2 Rcc8 27. Rxe6 Nc7 28. Bc4 {[%cal Re6e8]} Bd5 29. Rc6 Bxc4 30. Rxc4 {[#] Rdc1 is the strong threat.} Nb5 $1 31. Rxc8 Rxc8 $17 {[%mdl 4096] Endgame KRB-KRN} 32. d5 Rc4 33. Be3 {Black should prevent d6.} Kf7 34. g3 Ke7 35. Bf4 Kd7 36. h4 (36. Kf1 $17 {was necessary.}) 36... Nc3 $19 37. Rd2 Ra4 38. Rd3 (38. Rc2 $17 Nxd5 39. Bc1) 38... Ne2+ 39. Kg2 Nxf4+ 40. gxf4 Rxf4 {KR-KR} 41. Rg3 g6 ({Less strong is} 41... Rxh4 42. Rxg7+ Kd6 43. Rxa7 $15) 42. h5 Kd6 ({But not} 42... gxh5 43. Rg7+ Kd6 44. Rxa7 $17) 43. hxg6 hxg6 44. Rxg6 Kxd5 45. Kg3 Ke5 46. Rg7 Ra4 47. Re7+ Kd4 48. f4 $2 (48. Re2) 48... Rxa2 49. Kg4 $2 (49. Rb7) 49... b5 50. Rb7 Kc4 {Precision: White = 33%, Black = 87%.} 0-1

[Event "EICC 2017"]
[Site "Minsk"]
[Date "2017.06.05"]
[Round "6"]
[White "Korchmar, Vasiliy"]
[Black "Potkin, Vladimir"]
[Result "1/2-1/2"]
[WhiteElo "2422"]
[BlackElo "2588"]
[Annotator "TA"]
[PlyCount "53"]
[EventDate "2017.??.??"]
[EventCountry "BLR"]
[SourceTitle "playchess.com"]
[Source "ChessBase"]
[SourceQuality "1"]

{[%evp 13,53,19,20,0,14,8,11,0,0,0,12,0,0,0,8,0,0,0,13,9,14,7,13,13,9,-21,-22,-11,0,0,0,-12,45,33,53,50,34,0,37,0,40,0]} 1. d4 d5 2. Nf3 Nf6 3. Bf4 c5 4. e3 Nc6 5. Nbd2 (5. c3 Bg4 6. Nbd2 e6 7. Qb3 Qc8 8. Ne5 Nxe5 9. Bxe5 c4 10. Qc2 Bf5 11. Qd1 Nd7 12. g4 Bg6 13. Bg3 h5 14. g5 h4 {1-0 (45) Karjakin,S (2783)-Meier,G (2630) chess.com INT 2017}) 5... cxd4 6. exd4 {D02: 1 d4 d5 2 Nf3 sidelines, including 2...Nf6 3 g3 and 2...Nf6 3 Bf4} Qb6 7. Nb3 Bg4 {LiveBook: 6 Games} 8. Be2 {The position is equal.} e6 9. O-O Be7 10. a4 {[%cal Ba2a4,Ba4a5][%mdl 32]} a6 $146 ({Predecessor:} 10... a5 11. h3 Bh5 12. Ne5 Bxe2 13. Qxe2 Nxe5 14. dxe5 {1-0 (36) Agrest,E (2593)-Jensson,E (2386) chess.com INT 2017}) 11. a5 Qd8 12. Ne5 Bxe2 13. Qxe2 O-O 14. Rfd1 {[%cal Bf1d1,Bd1d3,Bd3h3][%mdl 32]} Rc8 15. c3 Nd7 16. Nxd7 Qxd7 17. Rd3 Rfe8 18. Rh3 {Black must now prevent Qh5.} g6 19. Bh6 Bd6 20. Re3 Ne7 21. g4 Nc6 22. f4 Qc7 ({Black should play} 22... f6 $11) 23. Rf1 $14 Qd8 24. Bg5 Be7 25. Bh6 (25. h4 $5) 25... Bf8 ({Don't play} 25... Nxa5 $6 26. Nxa5 Qxa5 27. f5 $16) 26. Bg5 Be7 27. Bh6 {Precision: White = 33%, Black = 71%.} 1/2-1/2

[Event "EICC 2017"]
[Site "Minsk"]
[Date "2017.06.05"]
[Round "6"]
[White "Grib, Roman"]
[Black "Palac, Mladen"]
[Result "1/2-1/2"]
[WhiteElo "2415"]
[BlackElo "2573"]
[Annotator "TA"]
[PlyCount "36"]
[EventDate "2017.??.??"]
[EventCountry "BLR"]
[SourceTitle "playchess.com"]
[Source "ChessBase"]
[SourceQuality "1"]

{[%evp 19,36,10,12,6,9,15,17,14,8,14,13,8,14,13,19,11,10,8,12]} 1. e4 c5 2. Nf3 d6 3. Bb5+ Nd7 4. d4 cxd4 5. Qxd4 a6 6. Bxd7+ Bxd7 7. O-O e5 8. Qd3 Rc8 {B51: Sicilian: Moscow Variation (3 Bb5+) without 3...Bd7} 9. Nc3 h6 10. Rd1 Nf6 {LiveBook: 9 Games. The position is equal.} 11. Nd2 {[%cal Bf3d2,Bd2f1,Bf1e3][%mdl 32]} Qc7 12. Nf1 Bg4 13. f3 Be6 14. Ne3 Be7 15. Bd2 O-O 16. Kh1 Rfd8 17. Ncd5 Nxd5 18. Nxd5 Bxd5 1/2-1/2

[Event "EICC 2017"]
[Site "Minsk"]
[Date "2017.06.05"]
[Round "6"]
[White "Stathopoulos, Ioannis"]
[Black "Aleksandrov, Aleksej"]
[Result "0-1"]
[WhiteElo "2376"]
[BlackElo "2559"]
[Annotator "TA"]
[PlyCount "80"]
[EventDate "2017.??.??"]
[EventCountry "BLR"]
[SourceTitle "playchess.com"]
[Source "ChessBase"]
[SourceQuality "1"]

{[%evp 9,80,0,15,22,0,1,20,0,0,0,0,0,17,15,27,28,17,15,30,2,33,28,25,-12,-16,-96,-102,-100,-81,-67,-71,-94,-80,-93,-80,-87,-75,-66,-34,-113,-110,-147,-131,-150,-89,-104,-97,-114,-104,-135,-146,-120,-103,-142,-138,-240,-229,-231,-199,-284,-281,-301,-296,-431,-423,-386,-388,-994,-705,-622,-403,-401,-399]} 1. d4 Nf6 2. c4 e6 3. Nf3 d5 4. g3 Bb4+ 5. Bd2 Bd6 (5... Be7 6. Bg2 O-O 7. O-O Nbd7 8. Qc2 c6 9. Rd1 b6 10. b3 a5 11. Bc3 Ne4 12. Ne5 Nxe5 13. Bxe4 f5 14. Bxd5 exd5 15. dxe5 f4 16. cxd5 cxd5 17. Bd4 Ba6 18. Qc6 Bxe2 {½-½ (28) Ding,L (2773)-Giri,A (2785) Moscow 2017}) 6. Nc3 {E01: Catalan: Early deviations} O-O 7. Bg5 c6 {[%cal Bc7c6,Bc6c5][%mdl 32]} 8. e4 {The position is equal.} dxe4 {[#]} 9. Nxe4 $1 {[%mdl 512]} Bb4+ (9... Nxe4 10. Bxd8) 10. Nc3 c5 (10... e5 $5) 11. Bg2 $146 ({Predecessor:} 11. a3 Ba5 12. Bg2 h6 {1-0 (46) Studer,N (2406)-Schloetzer,W (2303) Austria 2016}) 11... Nc6 {[%cal Rc5d4]} 12. a3 Bxc3+ 13. bxc3 h6 14. Be3 Na5 15. Ne5 Nd7 16. Qg4 f5 $36 {[%mdl 2048] Black has the initiative.} 17. Qe2 (17. Qf4 $11) 17... Nxe5 $17 18. dxe5 Qc7 19. O-O Bd7 20. Rfd1 Ba4 21. Rd6 Rae8 ({Reject} 21... Bb3 $6 22. Rb1 $11) 22. Rb1 b6 23. Bf4 Nb7 24. Rd2 (24. Bxb7 $1 $15 Qxb7 25. f3) 24... Rd8 25. g4 Rxd2 26. Bxd2 Nd8 (26... f4 $142 27. Qe4 Na5) 27. gxf5 Bc2 28. Re1 Bxf5 29. Kh1 Nf7 30. Bf4 Rd8 31. Rg1 Qd7 32. Be4 {[#]} (32. h4 $17) 32... Bxe4+ $1 $19 33. Qxe4 {[#]} Qd3 $1 {[%cal Rd3e4]} 34. Qg2 (34. Qxd3 $142 Rxd3 35. Rg3 Rd1+ 36. Rg1) 34... g5 35. h4 {[%cal Rh4g5]} Qxc4 36. Qf3 (36. Qg3 $142 Rd3 37. f3 Qxc3 38. hxg5 Rxf3 39. gxh6+ Rxg3 40. Rxg3+ Qxg3 41. Bxg3) 36... Rd3 37. Qa8+ Kg7 38. Rg4 $2 (38. Bg3) 38... Rh3+ 39. Kg2 Rxh4 40. Rxh4 gxh4 {Precision: White = 39%, Black = 70%.} 0-1

[Event "EICC 2017"]
[Site "Minsk"]
[Date "2017.06.05"]
[Round "6"]
[White "Charochkina, Daria"]
[Black "Kunin, Vitaly"]
[Result "0-1"]
[WhiteElo "2370"]
[BlackElo "2551"]
[Annotator "TA"]
[PlyCount "100"]
[EventDate "2017.??.??"]
[EventCountry "BLR"]
[SourceTitle "playchess.com"]
[Source "ChessBase"]
[SourceQuality "1"]

{[%evp 25,100,6,24,16,29,18,47,25,22,0,0,0,9,0,0,0,0,0,86,81,77,85,78,81,79,81,75,79,130,125,129,124,122,103,103,93,103,104,100,113,82,18,153,163,140,145,157,161,154,7,7,16,12,-230,69,-231,-215,-225,-193,-200,-140,-129,-124,-101,-135,-131,-140,-118,-118,-751,-689,-683,-770,-29992,-29993,-29993,-29994]} 1. d4 Nf6 2. c4 e6 3. Nc3 Bb4 4. Qc2 O-O 5. a3 Bxc3+ 6. Qxc3 Ne4 7. Qc2 f5 8. Nh3 d6 9. f3 Nf6 10. e3 e5 11. dxe5 dxe5 12. Be2 a5 {[%cal Ba7a5,Ba5a4][%mdl 32] E32: Nimzo-Indian: Classical (4 Qc2): 4...0-0} 13. Nf2 Nc6 {LiveBook: 4 Games} 14. O-O Qe7 {The position is equal.} 15. Bd3 $146 ({Predecessor:} 15. Bd2 Be6 16. Rad1 a4 17. Nd3 {½-½ (17) Rakhmanov,A (2473)-Zontakh,A (2562) Moscow 2007}) 15... Ne8 16. c5 Be6 17. Bd2 a4 $1 18. Bb5 Bb3 19. Bc4+ Bxc4 20. Qxc4+ Qf7 21. Qb5 Nd8 (21... Nf6 $11) 22. Bc3 $16 c6 23. Qb4 Qe7 24. e4 f4 25. Nd3 {[%cal Bf2d3,Bd3b2,Bb2c4,Bc4a5][%mdl 32]} Nf7 26. b3 {[%cal Bb2b3,Bb3a4][%mdl 32]} Nf6 (26... Nc7 $142) 27. bxa4 h5 28. Rab1 Rfd8 29. Rfd1 Rd7 30. Nb2 Rad8 31. Rxd7 Rxd7 32. Nc4 g5 {[%cal Bg7g5,Bg5g4,Bg4g3][%mdl 32]} 33. Be1 ({Better is} 33. Nd6 $16) 33... Qe6 (33... g4 $11) 34. Qb3 g4 35. Na5 $1 Qxb3 36. Rxb3 (36. Nxb3 $6 Rd3 $14) 36... Nd8 37. Bc3 (37. Kf1 $16) 37... Rd1+ $11 38. Kf2 h4 39. h3 $2 ({But not} 39. Nxb7 $2 g3+ 40. hxg3 fxg3+ 41. Ke2 h3 $1 $19 {[%mdl 512]}) (39. Bxe5 $11 g3+ 40. hxg3 fxg3+ 41. Bxg3 (41. Ke2 h3 $14) 41... hxg3+ 42. Kxg3) 39... g3+ $1 $19 40. Ke2 Rg1 41. Bxe5 Rxg2+ 42. Ke1 Nh5 {aiming for ...Rg1+.} 43. Nxb7 Nf7 $1 {[%cal Rf7e5]} 44. Bd4 {[#] Black must now prevent Nd6.} Ng7 $1 {[%cal Rg7e6][%mdl 1024] Black has strong compensation.} 45. Nd6 Ne6 46. Rb8+ Kh7 47. Bf6 $2 {[%mdl 8192] [#]} ({Avoid the trap} 47. Nxf7 $2 Nxd4 48. Ng5+ Kg7 $19) (47. Bb2 $17 Nfg5 48. Rh8+ Kg6 49. Rg8+ Kh5 50. Rh8+ Kg6 51. Rg8+ Kh5 52. Rh8+ Kg6) 47... Rc2 $1 48. Kf1 Neg5 {( -> ...g2+)} 49. Bxg5 g2+ 50. Kg1 Nxg5 {Precision: White = 53%, Black = 72%.} 0-1

[Event "EICC 2017"]
[Site "Minsk"]
[Date "2017.06.05"]
[Round "6"]
[White "Tutisani, Noe"]
[Black "Danin, Alexandre"]
[Result "0-1"]
[WhiteElo "2347"]
[BlackElo "2543"]
[Annotator "TA"]
[PlyCount "106"]
[EventDate "2017.??.??"]
[EventCountry "BLR"]
[SourceTitle "playchess.com"]
[Source "ChessBase"]
[SourceQuality "1"]

{[%evp 17,106,38,47,52,34,45,37,26,29,57,53,62,49,41,55,51,24,33,43,58,108,109,136,131,142,134,127,-54,-56,-56,-52,-54,-49,-43,-28,-86,-86,-79,-79,-79,-79,-97,-83,-104,0,0,0,-87,-79,-98,-92,-205,-197,-201,-210,-201,-100,-103,-111,-148,-67,-91,-24,-61,-47,-137,-109,-234,-200,-408,-400,-453,-404,-453,-449,-447,-449,-390,-302,-445,-431,-526,-521,-618,-505,-1758,-1535,-12841,-12841,-12841,-12840]} 1. e4 e6 2. d4 d5 3. Nc3 Nf6 4. Bg5 Be7 5. e5 Nfd7 6. h4 O-O 7. Qg4 {C14: French: Classical System: 4 Bg5 Be7 main line} f6 8. Nf3 Rf7 9. Bd3 {[%cal Bf1d3,Bd3g6,Bg6e4][%mdl 32]} Nc6 {[%cal Rf6e5] LiveBook: 5 Games} ({Avoid the trap} 9... fxg5 $2 10. Bxh7+ $1 {[%mdl 512]} Kxh7 11. hxg5+ Kg8 12. g6 $18) 10. Bg6 $146 ({Predecessor:} 10. Be3 Nb4 11. O-O-O Nxd3+ 12. Rxd3 fxe5 13. Nxe5 Nxe5 14. dxe5 c5 {½-½ (37) Zelcic,R (2550)-Gleizerov,E (2579) Zagreb 2011}) 10... Rf8 11. Qxe6+ Kh8 {Hoping for ...Nb6.} 12. Qxd5 Nb6 $1 {[%cal Rb6d5]} ({Not} 12... hxg6 $2 13. h5 $18) 13. Qxd8 Bxd8 14. Be4 $1 {exf6 is the strong threat.} fxg5 15. hxg5 Bf5 {next ...Bxe4 is good for Black.} 16. Nh4 $36 {[%mdl 2048] White has some pressure.} (16. Rh4 $5 {[%cal Rh4f4]}) 16... Bxe4 17. Nxe4 {Threatens to win with Ng6+.} Kg8 {And now ...Rf4 would win.} 18. c3 {[%mdl 1024] White has compensation.} Nc4 19. b3 Rf4 20. f3 Ne3 21. Ke2 $1 {[%cal Re2e3]} Nd5 22. g3 $2 (22. Kd3 $16) 22... Rxe4+ $1 $15 23. fxe4 Nxc3+ 24. Kd3 Nb5 $1 {[%cal Rb5d4]} 25. Nf3 Be7 $1 {aiming for ...Nbxd4!} 26. d5 (26. Rad1 $11 {remains equal.}) 26... Rf8 $17 27. Raf1 Rxf3+ $1 28. Rxf3 Nxe5+ 29. Ke3 Bc5+ 30. Kf4 Ng6+ (30... Nxf3 $17 31. Kxf3 Bd6) 31. Kg4 $11 Ne5+ ({Black should play} 31... Nd6 $11) 32. Kf4 $17 Nxf3 33. Kxf3 Bd6 $1 34. a4 (34. Re1 $17) 34... Nd4+ $19 35. Ke3 Be5 $1 36. Rb1 Nc2+ (36... Kf7 $1 $19 {has better winning chances.} 37. b4 Kg6) 37. Kd3 Nb4+ $1 38. Kc4 {[#]} a5 ({Black should try} 38... Na6 $1 $17 39. g4 Nb8) 39. g4 $15 g6 (39... Kf7 $17 {Strongly threatening ...Kg6.} 40. Rf1+ Kg6) 40. Rf1 $11 Kg7 41. Rf2 (41. Kb5 $15) 41... b6 42. Re2 (42. Kb5 $17) 42... h6 43. Kb5 $2 (43. d6 Bxd6 44. e5) 43... h5 $19 44. gxh5 gxh5 45. d6 Bxd6 46. e5 Bc5 47. e6 {[#] intending e7.} c6+ $1 48. Kc4 Nd5 {Black is clearly winning.} 49. e7 Nxe7 50. Re6 Ng6 51. Kc3 (51. Re1 $142) 51... h4 {[%cal Bh5h4,Bh4h3][%mdl 32]} 52. Rxc6 h3 53. Rc7+ Ne7 {Precision: White = 44%, Black = 63%.} 0-1

[Event "EICC 2017"]
[Site "Minsk"]
[Date "2017.06.05"]
[Round "6"]
[White "Filipets, Egor"]
[Black "Kryvoruchko, Yuriy"]
[Result "1/2-1/2"]
[WhiteElo "2328"]
[BlackElo "2714"]
[Annotator "TA"]
[PlyCount "85"]
[EventDate "2017.??.??"]
[EventCountry "BLR"]
[SourceTitle "playchess.com"]
[Source "ChessBase"]
[SourceQuality "1"]

{[%evp 15,85,16,16,16,10,11,6,4,29,26,58,29,33,22,126,130,131,132,126,119,116,79,102,100,132,122,150,75,59,6,0,22,19,0,0,0,0,0,0,0,0,-4,0,-7,-9,-9,0,-14,73,64,56,68,104,70,111,8,8,8,8,4,8,0,112,0,10,0,0,0,0,0,0,0]} 1. d4 Nf6 2. c4 e6 3. g3 d5 4. Bg2 dxc4 5. Qa4+ Nbd7 6. Qxc4 a6 7. Qc2 c5 8. Nf3 b6 9. Ne5 {E03: Open Catalan: 5 Qa4+ Nbd7 6 Qxc4} Nd5 $1 10. Nc6 (10. Nc3 Bb7 11. Nxd5 exd5 12. O-O Nxe5 13. dxe5 Qd7 14. Rd1 Qe6 15. Be3 Be7 16. b4 O-O 17. bxc5 Bxc5 18. Qb3 Bxe3 19. Qxe3 Rac8 20. Rac1 d4 21. Qxd4 Rxc1 {½-½ (21) Artemiev,V (2664)-Safarli,E (2641) Tashkent 2015}) 10... Qc7 11. e4 Qxc6 (11... N5f6 $5 {[%cal Rc7c6]} 12. d5 Bb7 $11) 12. exd5 exd5 13. O-O $146 ({Predecessor:} 13. Nc3 Nf6 14. Bg5 Ra7 15. Bxf6 Qxf6 16. O-O Be6 17. Nxd5 Bxd5 18. Bxd5 {½-½ (26) Bafounta,D (2277)-Fougerit,V (2221) France 2009}) 13... Nf6 $1 14. Bg5 Ne4 (14... Be7 $1 $11) 15. Re1 $16 Be6 16. Rxe4 $1 dxe4 17. Bxe4 Qc8 18. Bxa8 Qxa8 {[#]} 19. Nc3 $1 Be7 20. Bxe7 Kxe7 21. d5 (21. dxc5 $142 bxc5 22. Re1) 21... Bxd5 22. Qd2 (22. Re1+ $14 Be6 23. Qf5) 22... Be6 $1 $11 23. Qg5+ Kf8 24. Rd1 {Intending Rd8+ and mate.} f6 25. Qf4 Kf7 $1 26. Ne4 h6 27. f3 Rf8 28. Qc7+ Kg8 29. Rd6 $132 {[%mdl 2048] White is not keeping still} Bf5 30. Nd2 Qe8 {( -> ...Qe1+)} 31. Kf2 Qe5 (31... Kh8 $11) 32. Nc4 $16 Qe8 33. Qxb6 Bb1 34. Qxa6 Qe7 {aiming for ...Re8.} 35. Re6 (35. Rd1 $16 Bg6 36. Nd6) 35... Qd7 $11 36. Qd6 Qxd6 37. Nxd6 Bxa2 {[%mdl 4096] Endgame KRB-KRN} 38. Re2 {Black should prevent b4!} Rb8 {[#]} (38... Bb1 $11 {remains equal.}) 39. Ne4 (39. b4 $1 $16 {[%mdl 512]}) 39... Rc8 {The position is equal.} 40. b4 Bc4 41. Rc2 cxb4 {And now ...b3 would win.} 42. Nd6 $1 {[%csl LRc4,LRc8]} Rc6 43. Nxc4 {Precision: White = 57%, Black = 55%.} 1/2-1/2